"English" and "British" Things - Statistics

General Stats
  • This quiz has been taken 59 times
  • The average score is 17 of 25
Answer Stats
Hint Answer % Correct
English An arm of the Atlantic Ocean that separates southern England from northern France English Channel
94%
English Bacon, eggs, sausages, baked beans, fried tomato and mushrooms, bread and black pudding English Breakfast
93%
English Black herbs blend, typically from Assam, Ceylon, and Kenya, drank hot in the morning English breakfast tea
85%
British Westernmost Canadian province whose largest city is Vancouver British Columbia
81%
British Largest political entity in human history that ruled over a quarter of the globe at its peak British Empire
81%
British The archipelago of Great Britain, Ireland, and the smaller islands near them British Isles
78%
British Airline which is the flag carrier of the United Kingdom British Airways
76%
English Flowery epithet for a woman with classic English beauty English Rose
74%
British Same dog breed as in the hint in the English section, only nodding to Britain British Bulldog
72%
British Association of 56 member states which are mostly former territories of the United Kingdom British Commonwealth
72%
British One of the largest gas and oil conglomerates in the world (abbreviated BP) British Petroleum
72%
British Colonial rule of the Crown on the Indian subcontinent from 1858 to 1947 British Raj
72%
English Dog breed which is a national icon of England English Bulldog
72%
British London location with the largest permanent collection of works and exhibits in the world British Museum
70%
English 1996 Oscar-winning film starring Ralph Fiennes The English Patient
70%
British Renowned public television and radio company of the United Kingdom (abbreviated BBC) British Broadcasting Corporation
69%
British Overseas territory of the United Kingdom in the Caribbean British Virgin islands
69%
English Protagonist of a movie series parodying James Bond, played by Rowan Atkinson Johnny English
69%
English Small, round and flat England bread often eaten with toppings English muffin
67%
British Influx of rock and pop musicians from the UK into the U.S. scene in the 1960s, such as the Beatles and the Rolling Stones The British Invasion
52%
English Song by Sting about feeling foreign in the Big Apple Englishman in New York
50%
British Oldest race in the Formula 1 championship, held every year at Silverstone British Grand Prix
43%
British Overseas dependency halfway between Africa and Indonesia which the UK owns and has an airbase at British Indian Ocean Territory
31%
British The sarcastic, self-deprecating, deadpan way of bantering characteristic of the people and media in the United Kingdom British Humour
26%
English NBA star of Denver Nuggets in the 1980s and member of the league's 75th anniversary team Alex English
13%
No matching quizzes found
Score Distribution
Percent of People with Each Score
Percentile by Number Answered
Your Score History
You have not taken this quiz